Storytelling with data : (Record no. 609721)

000 -LEADER
fixed length control field 01746cam a22004457i 4500
001 - CONTROL NUMBER
control field 19109477
003 - CONTROL NUMBER IDENTIFIER
control field NUST
005 - DATE AND TIME OF LATEST TRANSACTION
control field 20240829114725.0
008 - FIXED-LENGTH DATA ELEMENTS--GENERAL INFORMATION
fixed length control field 160526s2015 njua b 001 0 eng d
010 ## - LIBRARY OF CONGRESS CONTROL NUMBER
LC control number 2015452957
020 ## - INTERNATIONAL STANDARD BOOK NUMBER
International Standard Book Number 9781119002253 (pbk.)
020 ## - INTERNATIONAL STANDARD BOOK NUMBER
International Standard Book Number 1119002257
035 ## - SYSTEM CONTROL NUMBER
System control number (OCoLC)ocn909318525
038 ## - RECORD CONTENT LICENSOR
Staff Name AZHAR
040 ## - CATALOGING SOURCE
Original cataloging agency BTCTA
Language of cataloging eng
Transcribing agency BTCTA
Description conventions rda
Modifying agency BDX
-- NDD
-- YDXCP
-- CLE
-- OCLCF
-- CDX
-- IAD
-- WBT
-- NGU
-- ORZ
-- OMB
-- DLC
042 ## - AUTHENTICATION CODE
Authentication code lccopycat
050 00 - LIBRARY OF CONGRESS CALL NUMBER
Classification number QA76.9.I52
Item number K64 2015
082 04 - DEWEY DECIMAL CLASSIFICATION NUMBER
Classification number 001.4226
Edition number 23
Author Mark KNA
100 1# - MAIN ENTRY--PERSONAL NAME
Personal name Knaflic, Cole Nussbaumer,
Relator term author.
9 (RLIN) 123567
245 10 - TITLE STATEMENT
Title Storytelling with data :
Remainder of title a data visualization guide for business professionals /
Statement of responsibility, etc. Cole Nussbaumer Knaflic.
246 30 - VARYING FORM OF TITLE
Title proper/short title Data visualization guide for business professionals
260 ## - PUBLICATION, DISTRIBUTION, ETC.
Place of publication, distribution, etc. Hoboken, New Jersey :
Name of publisher, distributor, etc. Wiley,
Date of publication, distribution, etc. [2015]
300 ## - PHYSICAL DESCRIPTION
Extent xiii, 267 pages :
Other physical details illustrations (some color) ;
Dimensions 24 cm
336 ## - CONTENT TYPE
Content type term text
Content type code txt
Source rdacontent
337 ## - MEDIA TYPE
Media type term unmediated
Media type code n
Source rdamedia
338 ## - CARRIER TYPE
Carrier type term volume
Carrier type code nc
Source rdacarrier
504 ## - BIBLIOGRAPHY, ETC. NOTE
Bibliography, etc. note Includes bibliographical references and index.
650 #0 - SUBJECT ADDED ENTRY--TOPICAL TERM
Topical term or geographic name entry element Information visualization.
650 #0 - SUBJECT ADDED ENTRY--TOPICAL TERM
Topical term or geographic name entry element Business communication.
650 #0 - SUBJECT ADDED ENTRY--TOPICAL TERM
Topical term or geographic name entry element Computer graphics.
9 (RLIN) 1225
650 #0 - SUBJECT ADDED ENTRY--TOPICAL TERM
Topical term or geographic name entry element Business presentations.
9 (RLIN) 45897
650 #7 - SUBJECT ADDED ENTRY--TOPICAL TERM
Topical term or geographic name entry element Business communication.
Source of heading or term fast
Authority record control number or standard number (OCoLC)fst00842419
9 (RLIN) 125478
650 #7 - SUBJECT ADDED ENTRY--TOPICAL TERM
Topical term or geographic name entry element Computer graphics.
Source of heading or term fast
Authority record control number or standard number (OCoLC)fst00872119
9 (RLIN) 1225
650 #7 - SUBJECT ADDED ENTRY--TOPICAL TERM
Topical term or geographic name entry element Information visualization.
Source of heading or term fast
Authority record control number or standard number (OCoLC)fst00973185
9 (RLIN) 125479
650 #7 - SUBJECT ADDED ENTRY--TOPICAL TERM
Topical term or geographic name entry element E-BOOKBANK.SEECSTEXTBOOK
9 (RLIN) 125472
856 ## - ELECTRONIC LOCATION AND ACCESS
Uniform Resource Identifier <a href="http://10.250.8.41:8080/xmlui/handle/123456789/41785">http://10.250.8.41:8080/xmlui/handle/123456789/41785</a>
906 ## - LOCAL DATA ELEMENT F, LDF (RLIN)
a 7
b cbc
c copycat
d 2
e ncip
f 20
g y-gencatlg
942 ## - ADDED ENTRY ELEMENTS (KOHA)
Source of classification or shelving scheme
Koha item type Book
Holdings
Withdrawn status Lost status Source of classification or shelving scheme Damaged status Not for loan Permanent Location Current Location Date acquired Total Checkouts Total Renewals Full call number Barcode Date last seen Date last checked out Price effective from Koha item type
          Central Library (CL) Central Library (CL) 06/12/2024 1 1 001.4226 KNA CL-1539 02/09/2025 08/13/2024 06/12/2024 Book
          Central Library (CL) Central Library (CL) 06/27/2024     280 SCB SCB-1539 06/27/2024   06/27/2024 Book
© 2023 Central Library, National University of Sciences and Technology. All Rights Reserved.